[Event "Olomouc op 20th"]
[Site "Olomouc"]
[Date "2017.08.19"]
[Round "9"]
[White "Baasansuren, Erdene"]
[Black "Brantjes, Yme"]
[Result "1-0"]
[WhiteElo "2169"]
[BlackElo "1961"]
[PlyCount "103"]
[EventDate "2017.08.12"]
[EventType "swiss"]
[EventRounds "9"]
[EventCountry "CZE"]
[SourceTitle "CBM 180 Extra"]
[Source "ChessBase"]
[SourceDate "2017.10.06"]
[SourceVersion "1"]
[SourceVersionDate "2017.10.06"]
[SourceQuality "1"]

1. d4 Nf6 2. c4 c5 3. d5 e6 4. Nc3 exd5 5. cxd5 d6 6. Nf3 g6 7. g3 Bg7 8. Bg2 0-0 9. 0-0 a6 10. a4 Nbd7 11. Bf4 Qc7 12. Rc1 Nh5 13. Bd2 Rb8 14. b4 cxb4 15. Nb5 Qd8 16. Nxd6 a5 17. e4 Qe7 18. Nb5 Qxe4 19. Re1 Qxd5 20. Ne5 Qa2 21. Ra1 Qb2 22. Rb1 Qa2 23. Bxb4 axb4 24. Bd5 Nxe5 25. Bxa2 Bg4 26. Qb3 Nf3+ 27. Kg2 Nxe1+ 28. Rxe1 Be6 29. Qb1 Bxa2 30. Qxa2 Rfe8 31. Rd1 Red8 32. Re1 Re8 33. Rxe8+ Rxe8 34. Nd6 Re7 35. Qc4 Bf8 36. Qb5 b6 37. Nc8 Rc7 38. Nxb6 Nf6 39. a5 Rc2 40. a6 Ra2 41. Nc8 Ne4 42. a7 Bc5 43. Qe8+ Kg7 44. Qxe4 Rxf2+ 45. Kh3 Bxa7 46. Nxa7 Rf5 47. Qxb4 h5 48. Nb5 Kg8 49. Nd6 Rf1 50. Kg2 Rf6 51. Qb8+ Kh7 52. Qd8 1-0

[Event "Olomouc Summer op 20th"]
[Site "Olomouc"]
[Date "2017.08.15"]
[Round "5"]
[White "Mitchell, Martin"]
[Black "Brantjes, Yme"]
[Result "1/2-1/2"]
[WhiteElo "2228"]
[BlackElo "1961"]
[PlyCount "108"]
[EventDate "2017.08.12"]
[EventType "swiss"]
[EventRounds "9"]
[EventCountry "CZE"]
[SourceTitle "CBM 180 Extra"]
[Source "ChessBase"]
[SourceDate "2017.10.06"]
[SourceVersion "1"]
[SourceVersionDate "2017.10.06"]
[SourceQuality "1"]

1. d4 Nf6 2. c4 c5 3. d5 e6 4. Nc3 exd5 5. cxd5 d6 6. e4 g6 7. f3 Bg7 8. Bg5 0-0 9. Qd2 Na6 10. Bd3 Nc7 11. Nge2 a6 12. a4 Rb8 13. a5 b5 14. axb6 Rxb6 15. 0-0 Nb5 16. Na4 Rb8 17. Rfc1 Re8 18. Ra2 Bd7 19. Nac3 Qb6 20. Nxb5 Bxb5 21. Bxb5 Qxb5 22. Nc3 Qb6 23. Rb1 Nd7 24. b3 Rb7 25. Be3 Ra8 26. Rc2 a5 27. Na4 Qb5 28. Rcc1 Rab8 29. h3 Qa6 30. Qc2 Rb4 31. Bd2 Bd4+ 32. Kh1 R4b5 33. Bc3 Be3 34. Re1 Bf4 35. Nb2 Bg3 36. e5 Bxe5 37. Bxe5 dxe5 38. Nd3 a4 39. bxa4 Rxb1 40. Rxb1 Rxb1+ 41. Qxb1 Qxa4 42. Nxe5 Kg7 43. Nxd7 Qxd7 44. Qa1+ f6 45. Qa8 Qe7 46. f4 Qe1+ 47. Kh2 Qe3 48. Qb7+ Kg8 49. Qb8+ Kg7 50. Qc7+ Kg8 51. h4 h5 52. Qd6 Kf7 53. Qc7+ Kg8 54. Qd8+ Kf7 1/2-1/2

[Event "Hoogeveen Unive op 19th"]
[Site "Hoogeveen"]
[Date "2015.10.22"]
[Round "7"]
[White "Brantjes, Yme"]
[Black "Van Dorp, Folke"]
[Result "0-1"]
[WhiteElo "1962"]
[BlackElo "2168"]
[PlyCount "132"]
[EventDate "2015.10.17"]
[EventType "swiss"]
[EventRounds "9"]
[EventCountry "NED"]
[SourceTitle "EXT 2017"]
[Source "ChessBase"]
[SourceDate "2016.10.25"]
[SourceVersion "1"]
[SourceVersionDate "2016.10.25"]
[SourceQuality "1"]

1. e4 c5 2. Nf3 e6 3. d4 cxd4 4. Nxd4 Nf6 5. Nc3 Nc6 6. Nxc6 bxc6 7. e5 Nd5 8. Ne4 Qa5+ 9. Bd2 Qc7 10. f4 f5 11. Nf2 Qb6 12. Qc1 Bc5 13. Nd3 Be3 14. c4 Bxd2+ 15. Qxd2 Ne3 16. c5 Nxf1 17. Rxf1 Qb5 18. b3 a5 19. Rc1 Ba6 20. Rf3 0-0 21. Nb2 Qb4 22. Rcc3 Bb5 23. Rg3 Qe4+ 24. Kf2 Rfb8 25. Nc4 Qd5 26. Qe3 Bxc4 27. Rxc4 Rb4 28. Qc3 Rxc4 29. Qxc4 Qd2+ 30. Kf1 Qxa2 31. Qd4 Qb1+ 32. Kf2 Qc2+ 33. Kf1 Qc1+ 34. Ke2 Qc2+ 35. Kf1 Qe4 36. Qxe4 fxe4 37. Rc3 Rb8 38. Ke2 h5 39. Kd2 Kf7 40. g3 Kg6 41. Re3 Kf5 42. Kc3 Rb5 43. Kc4 Rb4+ 44. Kc3 g5 45. fxg5 Kxg5 46. Re1 Kf5 47. Rd1 Kxe5 48. Rxd7 Rb5 49. Rg7 Rxc5+ 50. Kd2 Kd4 51. g4 hxg4 52. Rxg4 Rf5 53. h4 Rf2+ 54. Ke1 Rh2 55. Rg6 Rxh4 56. Rxe6 Ke3 57. Kd1 Rh1+ 58. Kc2 Rh2+ 59. Kc3 Rh1 60. Kc2 c5 61. Rc6 Rh5 62. Ra6 Kf2 63. Rxa5 e3 64. Ra8 Rf5 65. Kd3 e2 66. Ra2 Re5 0-1

[Event "Hoogeveen Unive op 19th"]
[Site "Hoogeveen"]
[Date "2015.10.20"]
[Round "5"]
[White "Brantjes, Yme"]
[Black "Van Foreest, Lucas"]
[Result "0-1"]
[WhiteElo "1962"]
[BlackElo "2296"]
[PlyCount "92"]
[EventDate "2015.10.17"]
[EventType "swiss"]
[EventRounds "9"]
[EventCountry "NED"]
[SourceTitle "EXT 2017"]
[Source "ChessBase"]
[SourceDate "2016.10.25"]
[SourceVersion "1"]
[SourceVersionDate "2016.10.25"]
[SourceQuality "1"]

1. e4 e5 2. Nf3 Nc6 3. Bc4 Bc5 4. c3 Nf6 5. d3 0-0 6. Bg5 h6 7. Bh4 Be7 8. Nbd2 d6 9. Nf1 a6 10. Bb3 Kh8 11. Ne3 Ng4 12. Bxe7 Nxe7 13. Nxg4 Bxg4 14. h3 Bxf3 15. Qxf3 c6 16. 0-0-0 a5 17. d4 a4 18. Bc2 a3 19. b3 Ng6 20. Qe3 Qe7 21. g3 Rfc8 22. f4 b5 23. Rhf1 f6 24. Rd2 Rc7 25. dxe5 dxe5 26. Rfd1 Nf8 27. Qb6 Rac8 28. f5 Nd7 29. Qe3 Nc5 30. Rd6 Nb7 31. Re6 Qf7 32. g4 Rd7 33. Rxd7 Qxd7 34. Qd2 Qc7 35. Qe3 Rf8 36. Qa7 Qd7 37. Qxa3 Rd8 38. Re7 Qd2+ 39. Kb1 Nd6 40. Qa5 Nxe4 41. Bxe4 Qd1+ 42. Kb2 Rd2+ 43. Ka3 c5 44. Qa8+ Rd8 45. Qxd8+ Qxd8 46. Ra7 Qd2 0-1

[Event "Bussum op 30th"]
[Site "Bussum"]
[Date "2013.05.19"]
[Round "5"]
[White "Brantjes, Yme"]
[Black "Ootes, Lars"]
[Result "0-1"]
[WhiteElo "1870"]
[BlackElo "2356"]
[PlyCount "56"]
[EventDate "2013.05.18"]
[EventType "swiss"]
[EventRounds "7"]
[EventCountry "NED"]
[SourceTitle "CBM 154 Extra"]
[Source "ChessBase"]
[SourceDate "2013.06.25"]
[SourceVersion "2"]
[SourceVersionDate "2013.06.25"]
[SourceQuality "1"]

1. e4 d6 2. d4 Nf6 3. Nc3 g6 4. f4 Bg7 5. Nf3 0-0 6. Be3 Nbd7 7. Qd2 c5 8. 0-0-0 Ng4 9. Bg1 cxd4 10. Nxd4 e5 11. Ndb5 exf4 12. h3 Ne3 13. Bxe3 fxe3 14. Qxe3 Be5 15. Nd5 Nc5 16. Be2 Be6 17. Nbc3 Rb8 18. g4 b5 19. Bf3 b4 20. Ne2 Qa5 21. Kb1 Na4 22. Ne7+ Kh8 23. Nc6 Bxa2+ 24. Kc1 Qb6 25. Ncd4 Rbc8 26. b3 Nc3 27. Kb2 Qa5 28. Ra1 Qa3# 0-1

[Event "Borne Euro Chess op-A"]
[Site "Borne"]
[Date "2012.08.08"]
[Round "4"]
[White "Brantjes, Yme"]
[Black "Lardinois, Wouter"]
[Result "0-1"]
[WhiteElo "1850"]
[BlackElo "1942"]
[PlyCount "72"]
[EventDate "2012.08.06"]
[EventType "swiss"]
[EventRounds "9"]
[EventCountry "NED"]
[SourceTitle "CBM 149 Extra"]
[Source "ChessBase"]
[SourceDate "2012.08.24"]
[SourceVersion "1"]
[SourceVersionDate "2012.08.24"]
[SourceQuality "1"]

1. e4 b6 2. g3 e6 3. Bg2 Bb7 4. f4 h5 5. d3 d5 6. exd5 Bxd5 7. Bxd5 Qxd5 8. Qf3 h4 9. Qxd5 exd5 10. Nh3 hxg3 11. hxg3 Nc6 12. c3 d4 13. c4 0-0-0 14. a3 Na5 15. Nd2 Re8+ 16. Kf2 c5 17. b4 cxb4 18. Bb2 Re3 19. axb4 Rxd3 20. Ke2 Rxg3 21. bxa5 d3+ 22. Kf2 Rgxh3 23. Rxh3 Rxh3 24. axb6 a6 25. Ba3 Bxa3 26. Rxa3 Kb7 27. c5 Nf6 28. Nc4 Ne4+ 29. Kg2 Rg3+ 30. Kh2 d2 31. Ra1 Rc3 32. Na5+ Kb8 33. Nc6+ Kc8 34. Ne7+ Kb7 35. c6+ Kxb6 36. Nd5+ Kxc6 0-1

[Event "Borne Euro Chess op-A"]
[Site "Borne"]
[Date "2012.08.07"]
[Round "2"]
[White "Brantjes, Yme"]
[Black "Dijkhuis, Tycho"]
[Result "0-1"]
[WhiteElo "1850"]
[BlackElo "2030"]
[PlyCount "66"]
[EventDate "2012.08.06"]
[EventType "swiss"]
[EventRounds "9"]
[EventCountry "NED"]
[SourceTitle "CBM 149 Extra"]
[Source "ChessBase"]
[SourceDate "2012.08.24"]
[SourceVersion "1"]
[SourceVersionDate "2012.08.24"]
[SourceQuality "1"]

1. e4 c5 2. Nc3 a6 3. Nf3 d6 4. d4 cxd4 5. Nxd4 Nf6 6. Bg5 e6 7. f4 Nc6 8. Nxc6 bxc6 9. e5 h6 10. Bh4 g5 11. fxg5 Nd5 12. Ne4 Qb6 13. c4 Qxb2 14. Bg3 Ne3 15. Qa4 Qxa1+ 16. Ke2 Qd1+ 17. Qxd1 Nxd1 18. Kxd1 d5 19. Nf6+ Kd8 20. Be1 a5 21. gxh6 Bxh6 22. Bf2 Rb8 23. Be1 Rb1+ 24. Ke2 Rb2+ 25. Kd3 Rxa2 26. Kc3 a4 27. Kd4 Bd2 28. Bg3 Ra1 29. Kc5 Kc7 30. cxd5 Be3+ 31. Kb4 cxd5 32. Nxd5+ exd5 33. e6+ Kb6 0-1

[Event "NED-ch U20"]
[Site "Haarlem"]
[Date "2012.05.06"]
[Round "9"]
[White "Brantjes, Yme"]
[Black "Lentjes, Noud"]
[Result "1-0"]
[WhiteElo "1779"]
[BlackElo "1946"]
[PlyCount "85"]
[EventDate "2012.04.28"]
[EventType "swiss"]
[EventRounds "9"]
[EventCountry "NED"]
[SourceTitle "EXT 2013"]
[Source "ChessBase"]
[SourceDate "2012.11.22"]
[SourceVersion "1"]
[SourceVersionDate "2012.11.22"]
[SourceQuality "1"]

1. e4 c5 2. Nf3 d6 3. d4 cxd4 4. Nxd4 Nf6 5. Nc3 a6 6. Bg5 e6 7. Qd2 Be7 8. f3 b5 9. a4 b4 10. Na2 Nxe4 11. Bxe7 Nxd2 12. Bxd8 Nxf1 13. Bg5 h6 14. Bc1 Nxh2 15. Rxh2 a5 16. c3 Na6 17. cxb4 axb4 18. Bd2 Nc5 19. b3 e5 20. Nb5 Nxb3 21. Nc7+ Ke7 22. Nxa8 Nxa1 23. Nxb4 Bb7 24. Nb6 Nb3 25. Rh4 Ke6 26. Nc2 Nc5 27. Be3 h5 28. Rc4 h4 29. Bxc5 dxc5 30. Rxc5 Bxf3 31. gxf3 h3 32. Ne3 Kd6 33. Rc1 h2 34. Nf5+ Ke6 35. Ng3 h1Q+ 36. Nxh1 Rxh1+ 37. Kd2 Rh2+ 38. Ke3 f5 39. Rc6+ Ke7 40. Nc4 Ra2 41. Ra6 f4+ 42. Ke4 g5 43. Nxe5 1-0

[Event "NED-ch U20"]
[Site "Haarlem"]
[Date "2012.05.03"]
[Round "6"]
[White "Ratsma, Midas"]
[Black "Brantjes, Yme"]
[Result "1-0"]
[WhiteElo "1930"]
[BlackElo "1779"]
[PlyCount "55"]
[EventDate "2012.04.28"]
[EventType "swiss"]
[EventRounds "9"]
[EventCountry "NED"]
[SourceTitle "EXT 2013"]
[Source "ChessBase"]
[SourceDate "2012.11.22"]
[SourceVersion "1"]
[SourceVersionDate "2012.11.22"]
[SourceQuality "1"]

1. c4 c6 2. Nf3 d5 3. d4 Nf6 4. Nc3 a6 5. Bg5 e6 6. c5 Nbd7 7. e3 Be7 8. Bd3 Nh5 9. h4 h6 10. g4 Nhf6 11. Bxf6 Bxf6 12. Qc2 e5 13. 0-0-0 e4 14. Bxe4 dxe4 15. Nxe4 Be7 16. g5 h5 17. d5 cxd5 18. Rxd5 Qc7 19. g6 f6 20. Nd4 Nf8 21. Ng3 Be6 22. Rxh5 Rxh5 23. Nxh5 Bd8 24. Rd1 Rc8 25. b4 Qe7 26. Qe4 b6 27. Nf5 Qc7 28. Nhxg7+ 1-0

[Event "NED-ch U20"]
[Site "Haarlem"]
[Date "2012.05.02"]
[Round "5"]
[White "Brantjes, Yme"]
[Black "Van der Lende, Ilias"]
[Result "0-1"]
[WhiteElo "1779"]
[BlackElo "2152"]
[PlyCount "68"]
[EventDate "2012.04.28"]
[EventType "swiss"]
[EventRounds "9"]
[EventCountry "NED"]
[SourceTitle "EXT 2013"]
[Source "ChessBase"]
[SourceDate "2012.11.22"]
[SourceVersion "1"]
[SourceVersionDate "2012.11.22"]
[SourceQuality "1"]

1. e4 e6 2. f4 d5 3. e5 b6 4. Nf3 Ba6 5. Bxa6 Nxa6 6. d4 c5 7. c3 Qd7 8. Be3 Nh6 9. Nbd2 Qb5 10. Qb3 Qa5 11. h3 Nf5 12. Bf2 h5 13. 0-0 h4 14. Rfe1 g6 15. Ng5 b5 16. Ndf3 Rb8 17. a4 c4 18. axb5 Qxa1 19. Rxa1 cxb3 20. Rxa6 Rb7 21. Nd2 Be7 22. Nxb3 Rxb5 23. Na5 Bxg5 24. fxg5 Rxb2 25. Rxa7 0-0 26. Nc6 Rc8 27. Ne7+ Nxe7 28. Rxe7 Rxc3 29. Bxh4 Rc1+ 30. Kh2 Rcc2 31. Kg3 Rxg2+ 32. Kf3 Rgd2 33. Ke3 Rh2 34. Ra7 Rxh3+ 0-1

[Event "NED-ch op U18"]
[Site "Enschede"]
[Date "2010.08.11"]
[Round "5"]
[White "Beerdsen, Thomas"]
[Black "Brantjes, Yme"]
[Result "1-0"]
[WhiteElo "1976"]
[BlackElo "1725"]
[PlyCount "61"]
[EventDate "2010.08.09"]
[EventType "swiss"]
[EventRounds "9"]
[EventCountry "NED"]
[SourceTitle "CBM 137 Extra"]
[Source "ChessBase"]
[SourceDate "2010.09.01"]
[SourceVersion "1"]
[SourceVersionDate "2010.09.01"]
[SourceQuality "1"]

1. e4 c5 2. Nf3 d6 3. d4 cxd4 4. Nxd4 Nf6 5. Nc3 g6 6. Be3 Bg7 7. f3 a6 8. Qd2 Bd7 9. 0-0-0 Nc6 10. g4 Rc8 11. h4 Qa5 12. Nb3 Qc7 13. h5 Nxg4 14. Nd5 Qb8 15. fxg4 Bxg4 16. hxg6 Bxd1 17. gxf7+ Kxf7 18. Qxd1 e6 19. Qh5+ Kg8 20. Bh3 Re8 21. Rf1 Ne5 22. Nc7 Ng6 23. Bxe6+ Rxe6 24. Qd5 h6 25. Nxe6 Ne7 26. Rg1 Rh7 27. Qd4 Kf7 28. Nxg7 Nc6 29. Qd5+ Ke7 30. Qe6+ Kd8 31. Bb6+ 1-0